LEADER 01542nam a2200301 i 4500 001 000000137787 003 CaOOAMICUS 005 20250710144844.0 008 050421s1982 it u000 u ita u 020 $a88-02-03755-8 040 $aSeMil$bita 100 0 $aal-Bu??r?,$d<810-870>.$0(OLS)http://semarc/name/55857 240 10$aal-??mi? al-?a???.$0(OLS)http://semarc/title/454715 245 10$aDetti e fatti del Profeta dell'Islam /$craccolti da al-Buhari ; a cura di Virginia Vacca, Sergio Noja e Michele Vallaro. 260 $aTorino :$bUnione Tipografico-Editrice Torinese,$c1982. 300 $aVIII, 743 p., [6] carte di tav. :$bill. ;$c24 cm 490 0 $aClassici delle religioni. Sez. 3, La religione islamica 650 4$aIslamismo.$0(OLS)http://semarc/subject/776 700 1 $aVacca, Virginia,$d<1891-1988>.$0(OLS)http://semarc/name/55530 700 1 $aNoja Noseda, Sergio,$d<1931-2008>.$0(OLS)http://semarc/name/813 700 1 $aVallaro, Michele,$d<1948-2023>.$0(OLS)http://semarc/name/55858 830 0$aClassici delle religioni. Sez. 3, La religione islamica .$0(OLS)http://semarc/title/17554 850 $aSeMil 852 $aSeMil$W1$xVenegono$y1$m2LA F 1$j259517$B91313$CSeMilBibl$Z2$F96294 $81 996 $6020$a88-02-03755-8$9(OLS)http://semarc/number/125607 996 $6245$aDetti e fatti del Profeta dell'Islam$9(OLS)http://semarc/title/201335 996 $6260$aTorino :$bUnione Tipografico-Editrice Torinese$9(OLS)http://semarc/publisher/29628 LEADER 01265nam a2200229 i 4500 001 000000230909 003 CaOOAMICUS 005 20140701000000.0 008 140701s1793 it u000 u ita u 013 $a209812 026 $adio- 95to c.ad hi(d (3) 1793 (R) 040 $aSeMil$bita 245 10$aContenente il Libro 1. de' Re e il principio del 2. 300 $aXII, 454 [i.e. 456] p., [1] c. di tav. :$bantip. calcogr. 500 $aSegn. : *6 A-T12. - Ripetute nella num. le p. 167-168. - Antip. calcogr. inc. da Giuliano Zuliani. 700 1 $aZuliani, Giuliano .$0(OLS)http://semarc/name/79506 773 0 $aGranelli, Giovanni, $tIstoria santa dell'Antico Testamento spiegata in lezioni morali, istoriche, critiche, e cronologiche, da Giovanni Granelli della Compagnia di Gesu con l'aggiunta delle lezioni sinora inedite sui libri di Giuditta, Ester, e Giobbe. Tomo 1. [-12.].$dIn Venezia : Presso Antonio Zatta e figli, 1792-1793.$g9$w()30093 850 $aSeMil 852 $aSeMil$W1$xVenegono$y1$m2W I 106 FA$j181255$B181255$CSeMilBibl$Z2$F192110 $8I 941 1 $a10 961 $aRecupero: Mantegazza 996 $6245$aContenente il Libro 1. de' Re e il principio del 2$9(OLS)http://semarc/title/329859